| 000 | 00694nam a2200193Ia 4500 | ||
|---|---|---|---|
| 005 | 20251020182610.0 | ||
| 008 | 200515s9999 xx 000 0 und d | ||
| 082 | _aSC/624.011/V34 | ||
| 100 | _aVASQUEZ, Nelson | ||
| 245 | 0 | _aQuincha como material de construcción | |
| 260 | _aLima | ||
| 260 | _c1972 | ||
| 300 | _a64 | ||
| 520 | _aEn base a los resultados de los ensayos se hace el diseño estructural de una vivienda tipo y con sus planos respectivos, al mismo tiempo que se hace un presupuesto analítico, tomando en cuenta costos de Lima y otro en base a costos de provincias | ||
| 650 | _aPANELES DE QUINCHA | ||
| 650 | _aQUINCHA | ||
| 650 | _aQUINCHA PREFABRICADA | ||
| 942 | _cLIB | ||
| 999 |
_c3311 _d3311 |
||